Famous Melburnians - Statistics

General Stats
  • This quiz has been taken 9 times
  • The average score is 11 of 20
Answer Stats
Hint Answer % Correct
Multi-instrumentalist and singer-songwriter, famous for the 2011 single "Somebody That I Used to Know" Gotye (Wouter André "Wally" De Backe)
100%
Plays Wolverine in Marvel movies Hugh Jackman
100%
Played Sandy in "Grease" (1978) Olivia Newton-John
100%
"Crikey!" Steve Irwin
100%
Plays Thor in Marvel movies Chris Hemsworth
78%
Bushranger who wore iconic home-made armour Ned Kelly
78%
Feminist, author of The Female Eunuch Germaine Greer
67%
Played Charlene in "Neighbours" Kylie Minogue
67%
!960s band. which had many international hits, including "Georgy Girl" The Seekers
67%
Best known for playing the character Dame Edna Everage Barry Humphries
56%
First female Prime Minister of Australia Julia Gillard
56%
Men's tennis player. won Wimbledon in 1987 Pat Cash
56%
Played Galadriel in The Lord of the Rings Cate Blanchett
44%
Female vocalist of this band Judith Durham
33%
Won three straight NBA championships with the Chicago Bulls in the 1990s Luc Longley
33%
Green Party Member of the Australian House of Representatives first elected in 2010, representing the electoral division of Melbourne Adam Bandt
22%
Bass guitarist of the Red Hot Chili Peppers. Flea (Michael Peter Balzary)
22%
Army general, with a municipality, a federal electoral division and Australia's largest university named after him. John Monash
22%
Plays Brenda Chenoweth in "Six Feet Under" Rachel Griffiths
22%
Yachtsman who skippered "Australia II" to victory in the 1983 America's Cup, the first time the USA had ever lost the Cup in the 132 years since its creation John Bertrand
11%
No matching quizzes found
Score Distribution
Percent of People with Each Score
Percentile by Number Answered
Your Score History
You have not taken this quiz